NFL Draft 2025 - Statistics

General Stats
  • This quiz has been taken 5 times
  • The average score is 12 of 32
Answer Stats
Hint Answer % Correct
1.Titans Cam Ward
100%
3.Giants Abdul Carter
75%
31.Eagles Jihaad Campbell
75%
2.Jaguars Travis Hunter
75%
4.Patriots Will Campbell
75%
7.Jets Armand Membou
50%
6.Raiders Ashton Jeanty
50%
24.Viking Donovan Jackson
50%
5.Browns Mason Graham
50%
8.Panther Tetairoa McMillan
50%
10.Bears Colston Loveland
25%
21.Steelers Derrick Harmon
25%
19.Buccaneers Emeka Egbuka
25%
18.Seahawks Grey Zabel
25%
20.Broncos Jahdae Barron
25%
15.Falcons Jalon Walker
25%
26.Falcons James Pearce Jr
25%
25.Giants Jaxson Dart
25%
29.Commanders Josh Conerly Jr
25%
32.Chiefs Josh Simmons
25%
9.Saints Kelvin Banks Jr
25%
13.Dolphins Kenneth Grant
25%
27.Ravens Malakai Starks
25%
23.Packers Matthew Golden
25%
30.Bills Maxwell Hairston
25%
11.49ers Mykel Williams
25%
22.Chargers Omarion Hampton
25%
17.Bengals Shemar Stewart
25%
28.Lions Tyleik Williams
25%
12.Cowboys Tyler Booker
25%
14.Colts Tyler Warren
25%
16.Cardinals Walter Nolen
25%
No matching quizzes found
Score Distribution
Percent of People with Each Score
Percentile by Number Answered
Your Score History
You have not taken this quiz